Il pozzo della solitudine : romanzo /

Saved in:
Bibliografiske detaljer
Hovedforfatter: Hall, Radclyffe (Author)
Andre forfattere: Lami, Annie
Format: Bog
Sprog:italiensk
Udgivet: Milano : Dall'Oglio, c1983
Serier:Scrittori di tutto il mondo
Tags: Tilføj Tag
Ingen Tags, Vær først til at tagge denne postø!

MARC

LEADER 00000nam a22000007i 4500
001 IT\ICCU\TO0\0853339
003 ItRI
005 20251212222417.0
008 000518s1983 it |||||| ||||| |||||c
040 |b ita  |c Comunitas Ancona 
041 7 |a ita  |2 ISO-639-2 
082 |a 823  |2 11 
100 1 |a Hall, Radclyffe  |0 IT\ICCU\CFIV\001539  |4 aut 
240 1 4 |a The Well of Loneliness  |9 Hall, Radclyffe 
245 1 3 |a Il pozzo della solitudine :  |b romanzo /  |c Radclyffe Hall ; traduzione dall'inglese di Annie Lami. 
260 |a Milano :  |b Dall'Oglio,  |c c1983 
300 |a 545 p. ;  |c 20 cm. 
700 1 |a Lami, Annie  |0 IT\ICCU\CFIV\066890 
830 0 |a Scrittori di tutto il mondo  |0 IT\ICCU\RAV\0081924 
942 |2 ddc  |c BK 
952 |0 0  |1 0  |2 ddc  |4 0  |6 823_912000000000000_HAL_POZ  |7 0  |9 10045  |a AN  |b AN  |d 2025-12-12  |l 0  |o 823.912 HAL POZ  |p 11598  |r 2025-12-12 22:27:36  |w 2025-12-12  |y BK 
981 1 |6 z01  |a i   |b xxxe  
982 1 |6 z01  |a n 
999 |c 8374  |d 8374